Statistiken für Deutsche Lieder nach Buchstabe - W

Klicken Sie hier um das Quiz zu spielen!

Allgemein

  • Dieses Quiz wurde 153 mal gespielt
  • Das Durchschnittsergebnis liegt bei 6 aus 18

Antwortstatistiken

TitelInterpret% Korrekt
WahnsinnWolfgang Petry
80%
Wie schön du bistSarah Connor
61%
Was du Liebe nennstBausa
56%
Wenn sie tanztMax Giesinger
56%
Willst duAlligatoah
50%
Wenn nicht jetzt, wann dann?Höhner
47%
Wann wird's mal wieder richtig SommerRudi Carrell
41%
Wie soll ein Mensch das ertragen?Philipp Poisel
38%
Weiße Rosen aus AthenNana Mouskouri
32%
Wunder gibt es immer wiederKatja Ebstein
24%
Wolke 4Philipp Dittberner & Marv
24%
Wovon sollen wir träumen?Frida Gold
22%
Warum?Tic Tac Toe
18%
Wünsch dir wasGenetikk
14%
Wenn du tanztVon wegen Lisbeth
8%
Wenn jetzt Sommer wärPohlmann.
7%
Wo sind die Clowns?Saltatio Mortis
6%
WunderfinderAlexa Feser feat. Curse
3%

Verteilung der Resultate

Perzentil nach korrekt beantworteten Fragen

Anzahl Personen mit jedem Resultat

Ihre Resultats-Entwicklung

Sie haben dieses Quiz noch nicht gespielt